| 000 | 00497nam a2200181 a 4500 | ||
|---|---|---|---|
| 001 | 1768898038032 | ||
| 003 | YourLibrary | ||
| 005 | 20260120141624.0 | ||
| 008 | 260120s2006##################000#0#eng## | ||
| 020 | _a9781844570799 | ||
| 082 | 0 | 4 |
_a303.376 _bREA |
| 100 | 1 |
_aReadman, Mark, _eauthor. |
|
| 245 | 1 | 0 | _aTeaching Film Censorship and Controversy : |
| 260 |
_bBritish Film Institute, _c2006. |
||
| 650 | 0 | _aPerforming Arts. | |
| 942 | _cENGLISH | ||
| 040 |
_aYourLibrary _beng _cYourLibrary |
||
| 999 |
_c608722 _d608722 |
||